00426nam a2200169Ia 4500003000400000008004100004040001600045082002100061100001900082245004700101260003900148300000800187650001500195650001300210650001000223650002300233GCL140319s9999 xx 000 0 eng d aGCL / cGCL04aCHb823.087bB M1 aBLIGH, WILLIAM10aMUTING ON H.M.S. BOUNTY / cBLIGH, WILLIAM a[S.N] : bPETER HODDOCK PUBLISHING a23804aLITERATURE04aCHILDREN04aTALES04aCHILDREN - STORIES